• 首页
  • 本馆介绍
  • 公告通知
  • 最新文献
  • 馆藏检索
  • 电子资源
  • 读者导购
  • 参考咨询
  • 我的图书馆
  • 登录
  • 详细信息显示
  • 放入我的书架
  • 预约/预借图书
  • 作者相关作品
  • 分类相关作品
  • 丛书相关作品
  • 出版社相关作品

书目信息

  • 表格格式
  • 工作单格式
  • 卡片格式
题名:
逻辑哲学
    
 
作者: 陈波 著
分册:  
出版信息: 北京   北京大学出版社  2005
页数: 385页
开本: 23cm
丛书名: 博雅大学堂
单 册:
中图分类: B81-05
科图分类:
主题词: 逻辑哲学--高等教育--教材 , 逻辑哲学
电子资源:
ISBN: 7-301-06615-5
000 00872oam2 2200289 450
001 012007278185
005 20070522142329.37
010    @a7-301-06615-5@dCNY28.00
100    @a20070515d2005 km y0chiy0120 ea
101 0  @achi
102    @aCN@b110000
105    @ay z 001yy
106    @ar
200 1  @a逻辑哲学@Aluo ji zhe xue@f陈波著@Fchen bo zhu
205    @a第1版
210    @a北京@c北京大学出版社@d2005
215    @a385页@d23cm
225 2  @a博雅大学堂@i哲学
300    @a北京市高等教育精品教材立项项目
330    @a本书对逻辑哲学进行了全面系统的概论,同时吸收了近几年国际逻辑哲学方面的最新进展,每章后面附有的思考题和推荐阅读文献。
461  0 @12001 @a博雅大学堂
606 0  @a逻辑哲学@x高等教育@j教材
606 0  @a逻辑哲学
690    @aB81-05@v4
701  0 @a陈波@Achen bo@c(哲学)@4著
801  0 @aCN@bRULIN@c20070522
905    @dB81-05@e186@s8
    
    逻辑哲学/陈波著.-第1版.-北京:北京大学出版社,2005
    385页;23cm.-(博雅大学堂.哲学)
    北京市高等教育精品教材立项项目
    
    ISBN 7-301-06615-5:CNY28.00
    本书对逻辑哲学进行了全面系统的概论,同时吸收了近几年国际逻辑哲学方面的最新进展,每章后面附有的思考题和推荐阅读文献。
●
相关链接 在E读中查询图书 在五车中查询图书 在当当中查询图书 在豆瓣中查询图书


正题名:逻辑哲学     索取号:B81-05/186         预约/预借

序号 登录号 条形码 馆藏地/架位号 状态 备注
1 0575801   205758018   第一样本阅览室/ [索取号:B81-05/186] 在馆    
2 0575802   205758027   第一借阅区/ [索取号:B81-05/186] 在馆    
3 0575803   205758036   第一借阅区/ [索取号:B81-05/186] 在馆    
4 0575804   205758045   教育系资料室/ [索取号:B81-05/186] 在馆    
5 0575805   205758054   第一借阅区/ [索取号:B81-05/186] 在馆    
6 0575806   205758063   教育系资料室/ [索取号:B81-05/186] 在馆    
7 0575807   205758072   教育系资料室/ [索取号:B81-05/186] 在馆    
8 0575808   205758081   第一借阅区/ [索取号:B81-05/186] 在馆    
唐山师范学院图书馆 欢迎您!
大连网信软件有限公司© 版权所有